<?xml version="1.0" encoding="UTF-8"?>
<record
    xmlns:xsi="http://www.w3.org/2001/XMLSchema-instance"
    xsi:schemaLocation="http://www.loc.gov/MARC21/slim http://www.loc.gov/standards/marcxml/schema/MARC21slim.xsd"
    xmlns="http://www.loc.gov/MARC21/slim">

  <leader>00416nam a22001457a 4500</leader>
  <datafield tag="020" ind1=" " ind2=" ">
    <subfield code="a">95523006531</subfield>
  </datafield>
  <datafield tag="082" ind1=" " ind2=" ">
    <subfield code="a">551.51 IQB</subfield>
  </datafield>
  <datafield tag="100" ind1=" " ind2=" ">
    <subfield code="a">Iqbal,Sithy.S</subfield>
  </datafield>
  <datafield tag="245" ind1=" " ind2=" ">
    <subfield code="a">Environmental Chemistry-Part 1 : The Atmosphere(Air)</subfield>
  </datafield>
  <datafield tag="260" ind1=" " ind2=" ">
    <subfield code="a">Colombo</subfield>
    <subfield code="b">Open University</subfield>
    <subfield code="c">1998</subfield>
  </datafield>
  <datafield tag="300" ind1=" " ind2=" ">
    <subfield code="a">107p</subfield>
  </datafield>
  <datafield tag="490" ind1=" " ind2=" ">
    <subfield code="a">The Degree of Bachelor of Science Level 5 -CHU 3122</subfield>
  </datafield>
  <datafield tag="650" ind1=" " ind2=" ">
    <subfield code="a">chemistry,environmental,Atmosphere(Air)</subfield>
  </datafield>
  <datafield tag="942" ind1=" " ind2=" ">
    <subfield code="c">BK</subfield>
  </datafield>
  <datafield tag="999" ind1=" " ind2=" ">
    <subfield code="c">528</subfield>
    <subfield code="d">528</subfield>
  </datafield>
  <datafield tag="952" ind1=" " ind2=" ">
    <subfield code="0">0</subfield>
    <subfield code="1">0</subfield>
    <subfield code="7">0</subfield>
    <subfield code="8">NFIC</subfield>
    <subfield code="a">IC</subfield>
    <subfield code="b">IC</subfield>
    <subfield code="c">GEN</subfield>
    <subfield code="d">2015-04-27</subfield>
    <subfield code="g">480.00</subfield>
    <subfield code="l">0</subfield>
    <subfield code="o">551.51 IQB</subfield>
    <subfield code="p">002170</subfield>
    <subfield code="r">2015-04-27 00:00:00</subfield>
    <subfield code="y">REF</subfield>
  </datafield>
  <datafield tag="952" ind1=" " ind2=" ">
    <subfield code="0">0</subfield>
    <subfield code="1">0</subfield>
    <subfield code="7">0</subfield>
    <subfield code="8">NFIC</subfield>
    <subfield code="a">IC</subfield>
    <subfield code="b">IC</subfield>
    <subfield code="c">GEN</subfield>
    <subfield code="d">2015-04-27</subfield>
    <subfield code="g">480.00</subfield>
    <subfield code="l">2</subfield>
    <subfield code="o">551.51 IQB</subfield>
    <subfield code="p">002171</subfield>
    <subfield code="r">2022-11-17 00:00:00</subfield>
    <subfield code="s">2018-06-10</subfield>
    <subfield code="w">2015-04-27</subfield>
    <subfield code="y">BK</subfield>
  </datafield>
  <datafield tag="952" ind1=" " ind2=" ">
    <subfield code="0">0</subfield>
    <subfield code="1">0</subfield>
    <subfield code="7">0</subfield>
    <subfield code="8">NFIC</subfield>
    <subfield code="a">IC</subfield>
    <subfield code="b">IC</subfield>
    <subfield code="c">GEN</subfield>
    <subfield code="d">2015-04-27</subfield>
    <subfield code="g">480.00</subfield>
    <subfield code="l">2</subfield>
    <subfield code="o">551.51 IQB</subfield>
    <subfield code="p">002172</subfield>
    <subfield code="r">2023-03-30 00:00:00</subfield>
    <subfield code="s">2023-03-22</subfield>
    <subfield code="w">2015-04-27</subfield>
    <subfield code="y">BK</subfield>
  </datafield>
  <datafield tag="952" ind1=" " ind2=" ">
    <subfield code="0">0</subfield>
    <subfield code="1">0</subfield>
    <subfield code="7">0</subfield>
    <subfield code="8">NFIC</subfield>
    <subfield code="a">IC</subfield>
    <subfield code="b">IC</subfield>
    <subfield code="c">GEN</subfield>
    <subfield code="d">2015-04-27</subfield>
    <subfield code="g">480.00</subfield>
    <subfield code="l">0</subfield>
    <subfield code="o">551.51 IQB</subfield>
    <subfield code="p">004370</subfield>
    <subfield code="r">2018-07-14 00:00:00</subfield>
    <subfield code="w">2015-04-27</subfield>
    <subfield code="y">REF</subfield>
  </datafield>
  <datafield tag="952" ind1=" " ind2=" ">
    <subfield code="0">0</subfield>
    <subfield code="1">0</subfield>
    <subfield code="7">0</subfield>
    <subfield code="8">NFIC</subfield>
    <subfield code="a">IC</subfield>
    <subfield code="b">IC</subfield>
    <subfield code="c">GEN</subfield>
    <subfield code="d">2015-04-27</subfield>
    <subfield code="g">480.00</subfield>
    <subfield code="l">6</subfield>
    <subfield code="o">551.51 IQB</subfield>
    <subfield code="p">004371</subfield>
    <subfield code="r">2022-11-17 00:00:00</subfield>
    <subfield code="s">2022-02-25</subfield>
    <subfield code="w">2015-04-27</subfield>
    <subfield code="y">BK</subfield>
  </datafield>
</record>
